[Event "Brody Bryvka Memorial"]
[Site "Brody"]
[Date "2023.12.17"]
[Round "3"]
[White "Rakubovchuk, Danylo"]
[Black "Stravinsky, Bogdan"]
[Result "0-1"]
[WhiteElo "1736"]
[BlackElo "1652"]
[PlyCount "70"]
[EventDate "2023.12.17"]
[EventType "swiss"]
[EventRounds "9"]
[EventCountry "UKR"]
[SourceTitle "CB51_2023"]
[SourceDate "2023.12.20"]
[SourceVersion "1"]
[SourceVersionDate "2023.12.20"]
[SourceQuality "1"]

1. Nf3 Nf6 2. g3 b6 3. Bg2 Bb7 4. c4 c5 5. b3 e6 6. 0-0 Be7 7. Bb2 0-0 8. d4 cxd4 9. Qxd4 Qc7 10. Nc3 a6 11. Rfd1 Nc6 12. Qd2 Rad8 13. Rac1 d6 14. a3 Nb8 15. Qf4 Nbd7 16. Nd2 Bxg2 17. Kxg2 Qb7+ 18. Kg1 d5 19. cxd5 Nxd5 20. Nxd5 Qxd5 21. Nc4 Qb5 22. Qf3 Nf6 23. a4 Qc5 24. Ba3 Qc7 25. Bxe7 Qxe7 26. Nxb6 Qb4 27. Rxd8 Rxd8 28. Qc6 Qxb3 29. h3 h6 30. a5 Rd1+ 31. Rxd1 Qxd1+ 32. Kg2 Qxe2 33. Nc4 Ne4 34. Qe8+ Kh7 35. Qxf7 Qxc4 0-1

[Event "Brody Bryvko Memorial 2nd"]
[Site "Brody"]
[Date "2022.12.11"]
[Round "4"]
[White "Korchevskyi, Volodymyr"]
[Black "Rakubovchuk, Danylo"]
[Result "1/2-1/2"]
[WhiteElo "1244"]
[BlackElo "1551"]
[PlyCount "85"]
[EventDate "2022.12.11"]
[EventType "swiss (blitz)"]
[EventRounds "9"]
[EventCountry "UKR"]
[SourceTitle "CBM 211 Extra"]
[Source "ChessBase"]
[SourceDate "2023.01.31"]
[SourceVersion "1"]
[SourceVersionDate "2023.01.31"]
[SourceQuality "1"]

1. e4 e6 2. d4 d5 3. exd5 exd5 4. c4 Nf6 5. Nf3 Bb4+ 6. Nc3 Qe7+ 7. Be2 Ne4 8. Bd2 Nxd2 9. Nxd2 Bg4 10. 0-0 Bxe2 11. Nxe2 Bxd2 12. Qxd2 dxc4 13. Rac1 0-0 14. Rxc4 Nc6 15. Rfc1 Rad8 16. Ng3 Rd5 17. Ne2 Rfd8 18. Re1 Qf6 19. Qe3 h6 20. Rd1 b5 21. Rc3 Nxd4 22. Nxd4 Rxd4 23. Re1 Rd1 24. h3 Rxe1+ 25. Qxe1 c6 26. Qe4 Rd4 27. Qe8+ Kh7 28. Rf3 Rd1+ 29. Kh2 Qd6+ 30. g3 Qd5 31. Qe3 Rd2 32. Rxf7 Rxb2 33. Rxg7+ Kxg7 34. Qc3+ Kg8 35. Qxb2 a5 36. Qf6 Qf7 37. Qd8+ Qf8 38. Qd4 b4 39. Qc4+ Qf7 40. Qg4+ Kf8 41. Qc8+ Kg7 42. Qg4+ Kf8 43. Kg1 1/2-1/2

[Event "Brody Bryvko Memorial 2nd"]
[Site "Brody"]
[Date "2022.12.11"]
[Round "3"]
[White "Rakubovchuk, Danylo"]
[Black "Kutyra, Myroslav"]
[Result "1-0"]
[WhiteElo "1551"]
[BlackElo "1774"]
[PlyCount "70"]
[EventDate "2022.12.11"]
[EventType "swiss (blitz)"]
[EventRounds "9"]
[EventCountry "UKR"]
[SourceTitle "CBM 211 Extra"]
[Source "ChessBase"]
[SourceDate "2023.01.31"]
[SourceVersion "1"]
[SourceVersionDate "2023.01.31"]
[SourceQuality "1"]

1. c4 e5 2. Nc3 Nf6 3. Nf3 Nc6 4. d4 exd4 5. Nxd4 Bb4 6. Bg5 h6 7. Bh4 Bxc3+ 8. bxc3 Ne5 9. e3 0-0 10. Be2 d6 11. 0-0 Ng6 12. Bxf6 Qxf6 13. Qb3 Ne5 14. Nf3 Nd7 15. Nd4 Nc5 16. Qc2 Bd7 17. Bf3 a6 18. Rab1 Rab8 19. Nb3 Na4 20. Nd4 Nc5 21. Nb3 Ne6 22. Nd4 Nc5 23. Nb3 Na4 24. Nd4 c5 25. Ne2 b5 26. cxb5 axb5 27. c4 bxc4 28. Qxc4 Nb6 29. Qa6 d5 30. Rfd1 Bc8 31. Qa7 Bf5 32. Rb5 Qc6 33. Rb2 Rb7 34. Qa6 Ra8 35. Qb5 Rf8 1-0